000 01163nam a22002657a 4500
005 20080915150959.0
008 080915t xxu||||| |||| 00| 0 hin d
010 _aHIN-91460
020 _c200.00
_a8180700615
035 _aHN-63806
037 _bDBAD / PUB
040 _aDPL
_bHN
082 _a821
100 _925136
_aशर्मा, दीपक
245 _aख़लिशः
_cदीपक शर्मा
_bतेरी आवाज मेरे अल्फाज /
246 _aKhalish
_bby Deepak Sharma
260 _aदिल्ली
_bसहयोग प्रकाशन
_c2010
270 _a29/502, ईस्ट एण्ड अपार्टेमेंट्स मयूर विहार एक्सटेंशन, फेस-1
_bदिल्ली
_e110096
_k22742291
300 _a123पृ
_c22 सेमी(सजिल्द)
650 _91169
700 _925138
700 _925157
942 _adpl
_cHN
_2ddc
_mशर्मादी
_h821
999 _c49698
_d49698